00000000nam 2200000zi 4500
0019.948464
003CaOODSP
00520250822111125
006m     o  d f      
007cr cn|||||||||
008250226t20252025onca   jo    f000 0 eng d
020 |a9780660760186
040 |aCaOODSP|beng|erda|cCaOODSP
043 |an-cn---
0861 |aJU5-29/2025E-PDF
24500|aOwl about the Court.
264 1|a[Ottawa] : |bSupreme Court of Canada, |c[2025]
264 4|a©2025
300 |a1 online resource (13 pages) : |bcolour illustrations
336 |atext|btxt|2rdacontent
337 |acomputer|bc|2rdamedia
338 |aonline resource|bcr|2rdacarrier
500 |aCover title.
500 |aIssued also in French under title : Une visite hibou-stouflante.
530 |aIssued also in printed form.
61010|aCanada. |bSupreme Court|vJuvenile literature.
7101 |aCanada. |bSupreme Court, |eissuing body.
77508|tUne visite hibou-stouflante.|w(CaOODSP)9.948465
7760#|tOwl about the Court.|w(CaOODSP)9.948469
85640|qPDF|s50.8 MB|uhttps://publications.gc.ca/collections/collection_2025/csc-scc/JU5-29-2025-eng.pdf